000
00318nam a22001337a 4500
082
_a
894.812
_b
VEN/K
100
_a
RASHEED, VENNIYUR
245
_a
KRITHIYUM KARTHAVUM
246
_a
KRITHIYUM KARTHAVUM
_b
KRITHIYUM KARTHAVUM
260
_a
CALICUT
_b
MANDHARAM
_c
2025
300
_a
138
650
_a
MALAYALAM
942
_c
BK
999
_c
9139
_d
9139